000 00477nam a2200193Ia 4500
003 OSt
005 20221007082758.0
006 a|||||r|||| 00| 0
007 ta
008 221006b |||||||| |||| 00| 0 eng d
024 _a23,386
037 _cDissertations
040 _aFLL
_cFLL
_beng
041 _2eng
_aeng
100 _aSharma R.
_9202262
245 0 _aDishonour of cheque
_b law & remedies
942 _cDIS
_2CC
999 _c1167716
_d1167716